000 00948nam a2200277Ia 4500
003 OSt
005 20221005111233.0
006 a|||||r|||| 00| 0
007 ta
008 221004b |||||||| |||| 00| 0 hin d
020 _a8170559243 (hbk)
_c150
024 _a11872
037 _b342, 20/03/2014, Vani Prakashan
_cTextual
040 _aCRL
_cCRL
_bhin
041 _2hin
_ahin
082 _aO152,3N52x, P2;P6
100 _aउदय प्रकाश
245 0 _aदत्तात्रेय का दुख
246 _aDattātreya kā dukha
250 _a2 संस्करण
260 _aनई दिल्ली
_bवाणी प्रकाशन भारत
_c2006
300 _aृ144पृ0
_ccm.
650 _aहिन्दी साहित्य
942 _hO152,3N52x, P2;P6
_cTEXL
_2cc
999 _c1021233
_d1021233